Normal view
MARC view
Entry Personal Name
001 - CONTROL NUMBER
- control field: 87798
003 - CONTROL NUMBER IDENTIFIER
- control field: dpl
005 - DATE AND TIME OF LATEST TRANSACTION
- control field: 20260228113636.0
008 - FIXED-LENGTH DATA ELEMENTS
- fixed length control field: 260228|| aca||aabn | a|a d
040 ## - CATALOGING SOURCE
- Original cataloging agency: dpl
- Transcribing agency: dpl
100 ## - HEADING--PERSONAL NAME
- Personal name: पाला, इस्कैंदर
670 ## - SOURCE DATA FOUND
- Source citation: Work cat.: (dpl)215191: पाला, इस्कैंदर, इस्तांबुल का ट्यूलिप /, 2024
